LEADER 00844cam2 22002413 450 001 SOBE00067459 005 20210903074048.0 100 $a20210903d1993 |||||ita|0103 ba 101 $amul 102 $aIT 200 0 $a1 210 $aSpoleto$cCentro Italiano di Studi sull'Alto Medioevo$d1993 215 $aXVI, 449 p.$d26 cm 461 1$1001SOB020922$12001 $aTeoderico il Grande e i goti d'Italia : atti del 13. Congresso internazionale di studi sull'alto Medioevo, Milano, 2-6 novembre 1992 801 0$aIT$bUNISOB$c20210903$gRICA 850 $aUNISOB 852 $aUNISOB$j900|Coll|49|K$m115179 912 $aSOBE00067459 940 $aM 102 Monografia moderna SBN 941 $aW 957 $a900|Coll|49|K$b000013$i-1$gSI$d115179$1rovito$2UNISOB$3UNISOB$420210903074001.0$520210903074036.0$6rovito 996 $a1$961339 997 $aUNISOB